000 00796nam0a22002771 4500
001 v19\rc\1864049
005 20251118180207.9
035 _a(NLR Aleph) 004956800
090 _a5941145
_c5941145
100 _a20080221d1911 |||y0rusy50 ca
101 1 _arus
_ceng
102 _aRU
105 _aa z |||||
200 1 _aКурс гипнотизма
_f[Соч.] Д-ра мед. Дж.С. Уортон
210 _aМосква
_cНью-Иоркск. ин-т знаний
_d1911
215 _a16 с.
_cил.
_d23
700 1 _aУортон
_bДж. С.
801 0 _aRU
_bNLR
_gpsbo
801 0 _aRU
_bRuMoRGB
_2psbo
801 1 _aRU
_bProSoft-M
_2rusmarc
852 _aNLR
_j20.106.8.151
899 _aRuMoRGB
_jU 75/173
899 _aБАН
899 _aНБ СПбГУ
942 _cBOOK
980 _aNB